00457nam a2200145Ia 4500008004100000020001800041041000800059082001600067100002000083245014900103250000600252260002000258300001100278650002200289210716s2005 xx 000 0 und d a9788183221153 aeng a374.22 HOIJ aHoisington, Tj. aIf you think you can: thirteen laws that govern the performance of high achievers.bThirteen laws that govern the performance of high achievers. a1 aNew Delhic2005 axv,181 aGeneral Knowledge